|
|
|
|
| LEADER |
01164nam a2200301 a 4500 |
| 001 |
15487527 |
| 008 |
091015s2008 ii b 000 1 eng d |
| 010 |
|
|
|a \\2008319505
|
| 020 |
|
|
|a 9780195696356
|
| 020 |
|
|
|a 0195696352
|
| 040 |
|
|
|a DLC
|c DLC
|
| 082 |
0 |
0 |
|a 891/.4437
|2 22
|
| 999 |
|
|
|c 4586
|d 4586
|
| 999 |
|
|
|c 4586
|
| 100 |
0 |
|
|a Svarṇakumārī Debī.
|9 4620
|
| 240 |
1 |
0 |
|a Kāhāke?
|l English
|
| 245 |
1 |
3 |
|a An unfinished song /
|c Swarnakumar Debi Ghosal ; edited, with an introduction, by C. Vijayasree.
|
| 260 |
|
|
|a New Delhi :
|b Oxford University Press,
|c 2008.
|
| 300 |
|
|
|a xxxvi, 104 p. ;
|c 23 cm.
|
| 490 |
0 |
|
|a Classic reissue series
|
| 504 |
|
|
|a Includes bibliographical references (p. 94-100).
|
| 520 |
|
|
|a Translation of a Bengali novel.
|
| 541 |
1 |
|
|e 00019419
|
| 650 |
|
0 |
|a Bengali fiction
|v Translations into English
|9 4621
|
| 700 |
1 |
|
|a Vijayasree, C.
|9 4622
|
| 852 |
4 |
|
|a Ayesha Abed Library
|j General shelf
|
| 942 |
|
|
|2 ddc
|c BK
|
| 952 |
|
|
|0 0
|1 0
|2 ddc
|4 0
|6 891_443700000000000_SVA
|7 0
|9 4371
|a BRACUL
|b BRACUL
|c GEN
|d 2009-10-15
|l 2
|o 891.4437 SVA
|p 3010019419
|r 2024-09-01
|s 2024-07-15
|t 1
|w 2009-10-15
|y BK
|x Transferred from ENH to Ayesha Abed library on 20/12/2023
|